Politická história a spoločnosť po roku 1989

Problematika interpretácie histórie, ako aj otázky, ktoré obdobia sú najviac deformované predchádzajúcou dobou. Vyrovnávanie sa s minulosťou.

Salvato in:
Dettagli Bibliografici
Autore principale: Kmeť, Norbert
Natura: Capitolo di libro
Lingua:slovacco
Soggetti:
Tags: Aggiungi Tag
Nessun Tag, puoi essere il primo ad aggiungerne!!

MARC

LEADER 00000naa a2200000 4500
001 0212979
005 20231204123347.7
041 0 |a slo 
044 |a SK 
245 1 0 |a Politická história a spoločnosť po roku 1989  |c Norbert Kmeť 
520 |a Problematika interpretácie histórie, ako aj otázky, ktoré obdobia sú najviac deformované predchádzajúcou dobou. Vyrovnávanie sa s minulosťou. 
610 2 0 |a história 
610 2 0 |a spoločnosť 
610 2 0 |a politika 
610 2 0 |a Slovensko 
610 2 0 |a komunizmus 
100 1 |a Kmeť, Norbert